000 00296nam a22001457a 4500
008 210305b ||||| |||| 00| 0 eng d
020 _a0890093563
041 _aeng
080 _a7
082 _a7
100 _a44
101 _aART
245 _aMichelangelo
_cKaufman,E.E
942 _2udc
_cBK
999 _c55843
_d55843